SWOT analýza čerpania štrukturálnych fondov EÚ vo verejnej správe

Európska únia prináša šancu vo forme nenávratných investícií, ktorých cieľom je vyrovnať sa vyspelým krajinám západnej Európy. SWOT analýza čerpania štrukturálnych fondov na Slovensku na základe výsledkov dotazníkového prieskumu. Silné a slabé stránky, príležitosti a hrozby čerpania štrukturálnych f...

Celý popis

Uložené v:
Podrobná bibliografia
Hlavný autor: Bergendi, Tomáš, 1984-
Médium: Kapitola
Jazyk:Slovak
Predmet:
Tagy: Pridať tag
Žiadne tagy, Buďte prvý, kto otaguje tento záznam!

MARC

LEADER 00000nla$a2200000$$$4500
001 0145026
005 20240502072614.1
041 0 |a slo 
044 |a SK 
245 1 0 |a SWOT analýza čerpania štrukturálnych fondov EÚ vo verejnej správe  |c Tomáš Bergendi 
520 |a Európska únia prináša šancu vo forme nenávratných investícií, ktorých cieľom je vyrovnať sa vyspelým krajinám západnej Európy. SWOT analýza čerpania štrukturálnych fondov na Slovensku na základe výsledkov dotazníkového prieskumu. Silné a slabé stránky, príležitosti a hrozby čerpania štrukturálnych fondov. Dotazníkový prieskum verejnej správy z Trnavského a Nitrianskeho samosprávneho kraja, ktorý slúži ako reprezentatívna vzorka. Odporúčania pre prax. 
610 2 0 |a fondy štruktúrne 
610 2 0 |a správa verejná 
610 2 0 |a Slovensko 
610 2 0 |a analýza swot 
100 1 |a Bergendi, Tomáš, 1984-